000
00306nam a22001337a 4500
008
170628b xxu||||| |||| 00| 0 eng d
020
_a
9780132469326
041
_a
eng
080
_2
4 ED
_a
82
100
_a
22
101
_a
GJL
245
_a
FUNDAMENTALS ENGLISH GRAMMAR
_c
AZAR.B.S
942
_2
udc
_c
BK
999
_c
19437
_d
19437